| 000 | 00999cam a22002771 4500 | ||
|---|---|---|---|
| 999 |
_c21840 _d21840 |
||
| 001 | 7520733 | ||
| 003 | BDDh-ASL | ||
| 005 | 20231015030041.0 | ||
| 008 | 770525s1964 pk b 001 0 eng | ||
| 010 | _asa 65000039 | ||
| 035 | _a(OCoLC)2994378 | ||
| 040 |
_aDLC _cInLP _dDLC _dBDDh-ASL |
||
| 042 | _apremarc | ||
| 050 | 0 | 0 |
_aJX1571.5.P3 _bK3 |
| 082 |
_a327.547 _bSHF |
||
| 110 | 2 |
_aUniversity of Karachi. _bDepartment of International Relations. |
|
| 245 | 1 | 0 |
_aForeign policy of Pakistan: _ban analysis / _c[by] Latif Ahmed Sherwani [and others] |
| 260 |
_aKarachi: _bAllies Book Corp., _c1964. |
||
| 300 |
_a110 p. _c22 cm. |
||
| 500 | _a"Revised version of contributions to a symposium conducted by the Department of International Relations of the University of Karachi in March 1962." | ||
| 504 | _aBibliography: p. [103]-106. | ||
| 651 | 0 |
_aPakistan _xForeign relations. |
|
| 700 | 1 | _aSherwani, Latif Ahmed. | |
| 906 |
_a7 _bcbc _coclcrpl _du _encip _f19 _gy-gencatlg |
||
| 942 |
_2ddc _cBK |
||